书目信息 |
| 题名: |
Prandtl方程的适定性和Navier-Stokes方程的无粘极限问题
|
|
| 作者: | 王渝西 著 | |
| 分册: | ||
| 出版信息: | 北京 《中国学术期刊(光盘版)》电子杂志社有限公司 2021.2 |
|
| 页数: | 161页 | |
| 开本: | 24cm | |
| 丛书名: | ||
| 单 册: | ||
| 中图分类: | O37 , O175.26 | |
| 科图分类: | ||
| 主题词: | 普兰特体--方程--研究 , 纳维埃--斯托克斯方程--研究 | |
| 电子资源: | ||
| ISBN: | 978-7-83014-012-0 | |
| 000 | 01542nam0 2200253 45 | |
| 001 | 012001002939 | |
| 005 | 20141010141307.0 | |
| 010 | @a978-7-83014-012-0@b精装@dCNY155.00 | |
| 100 | @a20200331d2020 em y0chiy0110 ea | |
| 101 | 0 | @achi |
| 102 | @aCN@b110000 | |
| 105 | @ay z 000yy | |
| 106 | @ar | |
| 200 | 1 | @aPrandtl方程的适定性和Navier-Stokes方程的无粘极限问题@AP r a n d t l fang cheng de shi ding xing he N a v i e r - S t o k e s fang cheng de wu zhan ji xian wen ti@f王渝西著 |
| 210 | @a北京@c《中国学术期刊(光盘版)》电子杂志社有限公司@d2021.2 | |
| 215 | @a161页@d24cm | |
| 330 | @a本专著主要针对 Prandtl 方程的适定性和 Navier-Stokes 方程的无粘极限问题开展研究,该研究主要由三部分组成。第一部分中,在切向速度场关于法向具有单调性的条件下,利用仿线性化的方法重新证明了二维 Prandtl 方程在 Sobolev空间中的局部适定性。第二部分中,对一类非单调初值,证明了二维 Prandtl 方程解在指标为 2 的 Gevrey 空间中的局部适定性。第三部分中,利用 Conormal导数和涡度公式,用能量的办法严格化了二维上半平面中带非滑动边界条件的Navier-Stokes 方程在解析类中的无粘极限问题。该证明方法对解析框架中的一般区域上的无粘极限问题有一定的启示作用。本专著属于“盘配书”出版项目,纸质书包含本专著主体内容,方便读者进行线下阅读。光盘除利用HTML格式展示主体内容外,附带有与之关联的数字资源及部分原始数据,从而实现纸媒与数媒的融合出版。 | |
| 606 | 0 | @a普兰特体@x方程@x研究 |
| 606 | 0 | @a纳维埃@x斯托克斯方程@x研究 |
| 690 | @aO37@v5 | |
| 690 | @aO175.26@v5 | |
| 701 | 0 | @a王渝西@Awang yu xi@4著 |
| 801 | 0 | @aCN@bBJSDL@c20211018 |
| 905 | @b1350902-4@dO37@e19@f3 | |
| Prandtl方程的适定性和Navier-Stokes方程的无粘极限问题/王渝西著.-北京:《中国学术期刊(光盘版)》电子杂志社有限公司,2021.2 |
| 161页;24cm |
| ISBN 978-7-83014-012-0(精装):CNY155.00 |
| 本专著主要针对 Prandtl 方程的适定性和 Navier-Stokes 方程的无粘极限问题开展研究,该研究主要由三部分组成。第一部分中,在切向速度场关于法向具有单调性的条件下,利用仿线性化的方法重新证明了二维 Prandtl 方程在 Sobolev空间中的局部适定性。第二部分中,对一类非单调初值,证明了二维 Prandtl 方程解在指标为 2 的 Gevrey 空间中的局部适定性。第三部分中,利用 Conormal导数和涡度公式,用能量的办法严格化了二维上半平面中带非滑动边界条件的Navier-Stokes 方程在解析类中的无粘极限问题。该证明方法对解析框架中的一般区域上的无粘极限问题有一定的启示作用。本专著属于“盘配书”出版项目,纸质书包含本专著主体内容,方便读者进行线下阅读。光盘除利用HTML格式展示主体内容外,附带有与之关联的数字资源及部分原始数据,从而实现纸媒与数媒的融合出版。 |
| ● |
| 相关链接 |
|
|
|
|
正题名:Prandtl方程的适定性和Navier-Stokes方程的无粘极限问题
索取号:O37/19
 
预约/预借
| 序号 | 登录号 | 条形码 | 馆藏地/架位号 | 状态 | 备注 |
| 1 | 1350902 | 213509023 | 第二样本阅览室/ [索取号:O37/19] | 在馆 | |
| 2 | 1350903 | 213509032 | 第三借阅区/ [索取号:O37/19] | 在馆 | |
| 3 | 1350904 | 213509041 | 第三借阅区/ [索取号:O37/19] | 在馆 |